Central Library OPAC University of Rajshahi

Business forecasting / (Record no. 52087)

MARC details
000 -LEADER
fixed length control field 00956nam a2200277 a 4500
001 - CONTROL NUMBER
control field 52087
003 - CONTROL NUMBER IDENTIFIER
rucl marc code BD-RjUL
005 - DATE AND TIME OF LATEST TRANSACTION
control field 20211209075742.0
008 - FIXED-LENGTH DATA ELEMENTS--GENERAL INFORMATION
fixed length control field 160905s2005 njua b 001 0 eng
020 ## - INTERNATIONAL STANDARD BOOK NUMBER
International Standard Book Number 0131412906
035 ## - SYSTEM CONTROL NUMBER
System control number (BD-RjUL) 52207
040 ## - CATALOGING SOURCE
Original cataloging agency DLC
Transcribing agency DLC
Modifying agency YDX
-- OCLCQ
-- MYG
-- BD-RjUL
Language of cataloging eng
041 ## - LANGUAGE CODE
Language code of text/sound track or separate title eng
082 00 - DEWEY DECIMAL CLASSIFICATION NUMBER
Classification number 338.544
Edition number 22
Author mark and year HAB 2005
100 1# - MAIN ENTRY--PERSONAL NAME
Personal name Hanke, John E.,
Dates associated with a name 1940-
9 (RLIN) 155784
245 10 - TITLE STATEMENT
Title Business forecasting /
Statement of responsibility, etc. John E. Hanke, Dean W. Wichern.
250 ## - EDITION STATEMENT
Edition statement 8th ed.
260 ## - PUBLICATION, DISTRIBUTION, ETC. (IMPRINT)
Place of publication, distribution, etc. Upper Saddle River, N.J. :
Name of publisher, distributor, etc. Pearson Prentice Hall,
Date of publication, distribution, etc. c2005.
300 ## - PHYSICAL DESCRIPTION
Pagination xv, 535 p. :
Illustrations ill. ;
Size 26 cm.
504 ## - BIBLIOGRAPHY, ETC. NOTE
Bibliography, etc Includes bibliographical references and index.
650 #0 - SUBJECT ADDED ENTRY--TOPICAL TERM
Topical term or geographic name as entry element Business forecasting.
9 (RLIN) 134616
700 1# - ADDED ENTRY--PERSONAL NAME
Personal name Wichern, Dean W.
942 ## - ADDED ENTRY ELEMENTS (KOHA)
Source of classification or shelving scheme Dewey Decimal Classification
Koha item type Books
949 #0 - LOCAL PROCESSING INFORMATION (OCLC)
4 IP
a d
b DEW
c STACK
o 0
p 39080026386026
x 01
h HD30.27.H37 2005
4 IP
a d-cdrom
b DEW
c RESDK
k CDROM
o 0
p 39080026386059
v CDROM
x 01
h HD30.27.H37 2005
Holdings
Lost status Source of classification or shelving scheme Damaged status Not for loan Collection code Permanent Location Current Location Shelving location Date acquired Source of acquisition Cost, normal purchase price Total Checkouts Full call number Date last seen Date checked out Copy number Koha item type
  Dewey Decimal Classification     Non-fiction Central Library, University of Rajshahi Central Library, University of Rajshahi   19/04/2008 Paragon Enterprise Ltd., Dhaka 375.00 6 338.544 HAB 2005 19/06/2025 17/06/2025 C-2 Books